00657cam a22002171 4500001001300000003000400013005001700017008004100034010001700075040003600092041001300128050001800141100003500159240002400194245009200218260003700310300003200347440001800379700002700397999001500424af 47006989 DLC20260227110840.0780425s1942 ne 000 1 dut c aaf 47006989  aCornell Univ. LibrarycNICdDLC1 aduthice00aPT7511.L3bL50 aHalldór Laxness,d1902-1998.10aHeimsljós.lDutch14aHet licht der wereld.cGeautoriseerde vertaling uit het IJslandsch van Annie Posthumus. aDen Haag,bA. M. C. Stokc[1942] a231 p.bcol. front.c24 cm. 0aCultuur-serie1 aPosthumus, Annie,etr. c3783d3783